000 00821nam a2200229Ia 4500
003 GCL
005 20240530102357.0
008 140319s9999 xx 000 0 ara d
020 _a9770507288
040 _aGCL /
_cGCL
082 0 4 _a910.132
_bم ج
100 1 _aمحمد محمود ابراهيم الديب
245 1 0 _aالجغرافيا السياسية :
_bمنظور معاصر /
_cمحمد محمود ابراهيم الديب
260 _aالقاهرة :
_bمكتبة الانجلوالمصرية ،
_c1993
300 _a844 ص ؛
_c24 سم
650 0 4 _aالاحوال السياسية
650 0 4 _aالجغرافيا الاقتصادية
650 0 4 _aالحدود السياسية
650 0 4 _aالجغرافيا السياسية
650 0 4 _aالعوامل البشرية
942 _2ddc
_cBK
999 _c31822
_d31822